000 00660nam a2200277Ia 4500
005 20260324142701.0
008 008 260324s9999 xx 000 0 eng d
020 _a9781315003825
037 _aEBOOK
040 _aCRL
040 _beng
040 _cCRL
041 _2eng
041 _aeng
084 _qCRL
100 _aJohn Lowe
_91205725
245 4 _aThe Great Powers, Imperialism and the German Problem 1865-1925
260 _bTaylor and Francis
260 _c1994
365 _a
365 _b230
856 _uhttp://www.taylorfrancis.com/books/9781315003825
942 _cEBOOK
999 _c1817316
_d1817316